| 000 | 01862nam a22003131 4500 | ||
|---|---|---|---|
| 001 | 35822 | ||
| 003 | BD-RjUL | ||
| 005 | 20211209052403.0 | ||
| 008 | 140610s1968 enkcf b 010 0 eng d | ||
| 020 | _a0521073332 | ||
| 035 | _a(BD-RjUL)35917 | ||
| 040 |
_aDLC _cDLC _dDLC _dBD-RjUL _beng |
||
| 041 | _aeng | ||
| 082 | 0 | 0 |
_a320 _bPOL 1968 |
| 245 | 0 | 0 |
_aPolitics and experience: _cedited by Preston King and B. C. Parekh. _b essays presented to Professor Michael Oakeshott on the occasion of his retirement / |
| 260 |
_aLondon : _bCambridge U.P., _c1968. |
||
| 300 |
_avii, 424 p. : _bill. ; _c24 cm. |
||
| 350 | _a70/- | ||
| 504 | _aBibliographical footnotes. | ||
| 505 | 0 | _aThe practical and the historical past, by W. H. Walsh.--Michael Oakeshott's theory of history, by W. H. Dray.--Michael Oakeshott's philosophy of education, by R. S. Peters.--A case of identity, by M. M. Goldsmith.--Idealism, modern philosophy and politics, by W. H. Greenleaf.--Paradigms and political theories, by S. S. Wolin.--The nature of political philosophy, by B. C. Parekh.--Time, institutions and action: an essay on traditions and their understanding, by J. A. Pocock.--Is there reason in tradition? By S. Coleman.--Revolution, tradition and political continuity, by K. R. Minogue.--Rationalism triumphant: an essay on the kibbutzim of Israel, by D. Krook.--An ideological fallacy, by P. King.--Politics and literature: John Adams and Doctor Johnson, by D. Davie.--A bibliography of works by Michael Oakeshott, by W. H. Greenleaf. (p. 409-417) | |
| 600 | 1 | 0 |
_aOakeshott, Michael, _d1901-1990. _9108440 |
| 650 | 0 |
_aPolitical science. _9109108 |
|
| 700 | 1 |
_aOakeshott, Michael, _d1901-1990. _9108440 |
|
| 700 | 1 |
_aKing, Preston T., _d1936- _eed. _9109109 |
|
| 700 | 1 |
_aParekh, Bhikhu C., _eed. _9109110 |
|
| 942 |
_2ddc _cBK |
||
| 999 |
_c35822 _d35822 |
||